[Event "DEM U8 2024"]
[Site "Willingen GER"]
[Date "2024.05.22"]
[Round "2"]
[White "Ni, Wilhelm Zeyin"]
[Black "Mukazhanov, Arslan"]
[Result "1-0"]
[Termination "normal"]
[Board "15"]
[WhiteElo "1696"]
[BlackElo "1567"]
[WhiteClock "00:22:42"]
[BlackClock "00:22:55"]
[PlyCount "109"]
[WhiteFideId "34675337"]
[BlackFideId "34647686"]
[EventCountry "GER"]
[EventRounds "7"]
[EventType "swiss"]
[EventDate "2024.05.21"]

1. e4 {[%clk 01:00:28]} {[%emt 00:00:01]} c6 {[%clk 01:00:22]} {[%emt
00:00:09]} 2. Nf3 {[%clk 01:00:33]} {[%emt 00:00:10]} d5 {[%clk 00:59:24]}
{[%emt 00:01:12]} 3. Nc3 {[%clk 01:00:22]} {[%emt 00:00:26]} d4 {[%clk
00:58:00]} {[%emt 00:01:40]} 4. Ne2 {[%clk 01:00:08]} {[%emt 00:00:28]} c5
{[%clk 00:57:47]} {[%emt 00:00:28]} 5. c3 {[%clk 01:00:07]} {[%emt 00:00:16]}
d3 {[%clk 00:57:00]} {[%emt 00:01:01]} 6. Nf4 {[%clk 01:00:15]} {[%emt
00:00:08]} c4 {[%clk 00:56:53]} {[%emt 00:00:23]} 7. Qa4+ {[%clk 01:00:22]}
{[%emt 00:00:08]} Qd7 {[%clk 00:55:43]} {[%emt 00:01:25]} 8. Qxc4 {[%clk
01:00:25]} {[%emt 00:00:11]} f6 {[%clk 00:54:23]} {[%emt 00:01:36]} 9. Qxd3
{[%clk 00:59:35]} {[%emt 00:01:06]} Qc7 {[%clk 00:54:24]} {[%emt 00:00:13]} 10.
Qc4 {[%clk 00:59:24]} {[%emt 00:00:26]} Nc6 {[%clk 00:54:04]} {[%emt 00:00:36]}
11. d4 {[%clk 00:58:51]} {[%emt 00:00:47]} g6 {[%clk 00:52:19]} {[%emt
00:02:00]} 12. Bd3 {[%clk 00:56:15]} {[%emt 00:02:51]} Bh6 {[%clk 00:52:03]}
{[%emt 00:00:31]} 13. Nd5 {[%clk 00:54:38]} {[%emt 00:01:53]} Qd7 {[%clk
00:50:25]} {[%emt 00:01:53]} 14. Bxh6 {[%clk 00:53:05]} {[%emt 00:01:47]} Nxh6
{[%clk 00:50:19]} {[%emt 00:00:20]} 15. h3 {[%clk 00:51:45]} {[%emt 00:01:35]}
Qd6 {[%clk 00:48:00]} {[%emt 00:02:35]} 16. Qc5 {[%clk 00:49:11]} {[%emt
00:02:49]} Qd8 {[%clk 00:45:33]} {[%emt 00:02:38]} 17. Bb5 {[%clk 00:46:59]}
{[%emt 00:02:31]} Bd7 {[%clk 00:44:18]} {[%emt 00:01:29]} 18. O-O {[%clk
00:44:28]} {[%emt 00:02:46]} O-O {[%clk 00:43:15]} {[%emt 00:01:19]} 19. Bxc6
{[%emt 00:01:16]} Bxc6 {[%clk 00:40:51]} {[%emt 00:02:33]} 20. Nxe7+ {[%clk
00:41:41]} {[%emt 00:02:06]} Kg7 {[%clk 00:40:30]} {[%emt 00:00:36]} 21. Nxc6
{[%clk 00:41:23]} {[%emt 00:00:33]} bxc6 {[%clk 00:40:18]} {[%emt 00:00:27]}
22. Qxc6 {[%clk 00:40:43]} {[%emt 00:00:56]} Rb8 {[%clk 00:38:33]} {[%emt
00:01:55]} 23. Rab1 {[%clk 00:39:22]} {[%emt 00:01:30]} Rf7 {[%clk 00:38:00]}
{[%emt 00:00:58]} 24. Qa4 {[%clk 00:39:00]} {[%emt 00:00:38]} Rfb7 {[%clk
00:37:05]} {[%emt 00:01:10]} 25. Qc2 {[%clk 00:38:05]} {[%emt 00:01:10]} Qd7
{[%clk 00:36:26]} {[%emt 00:00:54]} 26. e5 {[%clk 00:37:21]} {[%emt 00:00:59]}
fxe5 {[%clk 00:36:14]} {[%emt 00:00:23]} 27. Nxe5 {[%clk 00:37:03]} {[%emt
00:00:35]} Qe6 {[%clk 00:36:00]} {[%emt 00:00:28]} 28. b3 {[%clk 00:36:31]}
{[%emt 00:00:49]} Rc7 {[%clk 00:34:53]} {[%emt 00:01:22]} 29. Rfe1 {[%clk
00:36:00]} {[%emt 00:00:46]} Qb6 {[%clk 00:33:56]} {[%emt 00:01:04]} 30. Re2
{[%clk 00:35:12]} {[%emt 00:01:10]} Qb7 {[%clk 00:32:35]} {[%emt 00:01:23]} 31.
Rbe1 {[%clk 00:34:05]} {[%emt 00:01:35]} Nf5 {[%clk 00:32:18]} {[%emt
00:00:33]} 32. Qe4 {[%clk 00:32:21]} {[%emt 00:01:58]} Rxc3 {[%clk 00:32:06]}
{[%emt 00:00:26]} 33. Qxb7+ {[%clk 00:31:46]} {[%emt 00:00:51]} Rxb7 {[%clk
00:32:10]} {[%emt 00:00:11]} 34. Nf3 {[%clk 00:31:41]} {[%emt 00:00:21]} Rd7
{[%clk 00:31:06]} {[%emt 00:01:19]} 35. Re8 {[%clk 00:31:00]} {[%emt 00:00:56]}
Kf6 {[%clk 00:29:28]} {[%emt 00:01:53]} 36. R1e6+ {[%clk 00:29:57]} {[%emt
00:01:17]} Kf7 {[%clk 00:29:03]} {[%emt 00:00:40]} 37. Ne5+ {[%clk 00:29:13]}
{[%emt 00:00:59]} Kg7 {[%clk 00:28:21]} {[%emt 00:00:57]} 38. Nxd7 {[%clk
00:29:11]} {[%emt 00:00:15]} Nxd4 {[%clk 00:27:42]} {[%emt 00:00:56]} 39. R6e7+
{[%clk 00:28:38]} {[%emt 00:00:48]} Kh6 {[%clk 00:27:38]} {[%emt 00:00:19]} 40.
Re4 {[%clk 00:26:59]} {[%emt 00:01:44]} Nf5 {[%clk 00:25:32]} {[%emt 00:02:27]}
41. Ra4 {[%clk 00:25:56]} {[%emt 00:01:22]} Rc7 {[%clk 00:25:27]} {[%emt
00:00:20]} 42. Ne5 {[%clk 00:25:18]} {[%emt 00:00:53]} Nd6 {[%clk 00:24:02]}
{[%emt 00:01:40]} 43. Ra8 {[%clk 00:25:01]} {[%emt 00:00:31]} Nb5 {[%clk
00:24:04]} {[%emt 00:00:13]} 44. Ra5 {[%clk 00:24:45]} {[%emt 00:00:32]} Rb7
{[%clk 00:23:25]} {[%emt 00:00:54]} 45. a4 {[%clk 00:24:14]} {[%emt 00:00:46]}
Nd6 {[%clk 00:22:54]} {[%emt 00:00:46]} 46. R5xa7 {[%clk 00:23:29]} {[%emt
00:01:00]} Rxb3 {[%clk 00:22:47]} {[%emt 00:00:20]} 47. Nf7+ {[%clk 00:23:00]}
{[%emt 00:00:46]} Nxf7 {[%clk 00:22:46]} {[%emt 00:00:16]} 48. Rxf7 {[%clk
00:23:10]} {[%emt 00:00:05]} Rb1+ {[%clk 00:22:51]} {[%emt 00:00:10]} 49. Kh2
{[%clk 00:23:17]} {[%emt 00:00:07]} Rb2 {[%clk 00:22:53]} {[%emt 00:00:13]} 50.
g3 {[%clk 00:23:13]} {[%emt 00:00:19]} Rxf2+ {[%clk 00:23:00]} {[%emt
00:00:08]} 51. Rxf2 {[%clk 00:23:21]} {[%emt 00:00:07]} Kh5 {[%clk 00:22:54]}
{[%emt 00:00:21]} 52. g4+ {[%clk 00:23:02]} {[%emt 00:00:35]} Kh4 {[%clk
00:23:03]} {[%emt 00:00:06]} 53. Rb2 {[%clk 00:22:51]} {[%emt 00:00:26]} g5
{[%clk 00:22:54]} {[%emt 00:00:23]} 54. Rh8 {[%clk 00:22:55]} {[%emt 00:00:11]}
h5 {[%clk 00:22:55]} {[%emt 00:00:14]} 55. Rxh5# {[%clk 00:22:42]} {[%emt
00:00:06]} 1-0

[Event "DEM U8 2024"]
[Site "Willingen GER"]
[Date "2024.05.22"]
[Round "2"]
[White "Sriram, Aumkar"]
[Black "Schulze, Jonas"]
[Result "1-0"]
[Termination "normal"]
[Board "16"]
[WhiteElo "1610"]
[BlackElo "986"]
[WhiteClock "00:40:49"]
[BlackClock "00:39:56"]
[PlyCount "77"]
[WhiteFideId "33460477"]
[BlackFideId "34687912"]
[EventCountry "GER"]
[EventRounds "7"]
[EventType "swiss"]
[EventDate "2024.05.21"]

1. e4 {[%clk 01:00:20]} {[%emt 00:00:09]} e5 {[%clk 01:00:27]} {[%emt
00:00:03]} 2. Nf3 {[%clk 01:00:26]} {[%emt 00:00:08]} Nc6 {[%clk 01:00:39]}
{[%emt 00:00:05]} 3. d4 {[%clk 01:00:30]} {[%emt 00:00:11]} exd4 {[%emt
00:00:13]} 4. Nxd4 {[%emt 00:00:08]} Bc5 {[%clk 01:00:28]} {[%emt 00:00:05]} 5.
Nb3 {[%clk 01:00:33]} {[%emt 00:00:12]} Bb6 {[%clk 01:00:36]} {[%emt 00:00:07]}
6. Nc3 {[%clk 01:00:37]} {[%emt 00:00:11]} Nge7 {[%clk 01:00:30]} {[%emt
00:00:20]} 7. Qe2 {[%clk 01:00:39]} {[%emt 00:00:13]} O-O {[%clk 01:00:30]}
{[%emt 00:00:16]} 8. Be3 {[%clk 01:00:50]} {[%emt 00:00:04]} d6 {[%clk
01:00:32]} {[%emt 00:00:13]} 9. O-O-O {[%clk 01:00:58]} {[%emt 00:00:07]} f5
{[%clk 01:00:30]} {[%emt 00:00:17]} 10. f3 {[%clk 00:59:46]} {[%emt 00:01:26]}
Bxe3+ {[%clk 00:59:32]} {[%emt 00:01:14]} 11. Qxe3 {[%clk 00:59:45]} {[%emt
00:00:15]} f4 {[%clk 00:58:02]} {[%emt 00:01:45]} 12. Qf2 {[%clk 00:58:41]}
{[%emt 00:01:19]} Be6 {[%clk 00:57:43]} {[%emt 00:00:34]} 13. g4 {[%clk
00:58:06]} {[%emt 00:00:50]} fxg3 {[%clk 00:57:27]} {[%emt 00:00:31]} 14. hxg3
{[%clk 00:58:05]} {[%emt 00:00:17]} Bxb3 {[%clk 00:56:44]} {[%emt 00:00:58]}
15. axb3 {[%clk 00:58:02]} {[%emt 00:00:18]} Rf6 {[%clk 00:55:32]} {[%emt
00:01:24]} 16. Bc4+ {[%clk 00:57:42]} {[%emt 00:00:38]} Kh8 {[%clk 00:55:34]}
{[%emt 00:00:11]} 17. g4 {[%clk 00:56:06]} {[%emt 00:01:53]} Rg6 {[%clk
00:54:37]} {[%emt 00:01:10]} 18. g5 {[%clk 00:54:13]} {[%emt 00:02:09]} Ng8
{[%clk 00:53:58]} {[%emt 00:00:53]} 19. f4 {[%clk 00:53:12]} {[%emt 00:01:18]}
Qe7 {[%clk 00:52:58]} {[%emt 00:01:15]} 20. Rdg1 {[%clk 00:50:43]} {[%emt
00:02:44]} Rf8 {[%clk 00:51:56]} {[%emt 00:01:15]} 21. Qh4 {[%clk 00:49:02]}
{[%emt 00:01:59]} h6 {[%clk 00:50:39]} {[%emt 00:01:31]} 22. f5 {[%clk
00:48:49]} {[%emt 00:00:28]} Ne5 {[%clk 00:48:51]} {[%emt 00:02:03]} 23. Be2
{[%emt 00:02:37]} Kh7 {[%clk 00:45:54]} {[%emt 00:02:46]} 24. fxg6+ {[%clk
00:46:47]} {[%emt 00:00:22]} Nxg6 {[%clk 00:45:44]} {[%emt 00:00:25]} 25. Qh2
{[%clk 00:44:46]} {[%emt 00:02:16]} Qe5 {[%clk 00:44:49]} {[%emt 00:01:07]} 26.
Qxe5 {[%clk 00:44:33]} {[%emt 00:00:29]} Nxe5 {[%clk 00:44:40]} {[%emt
00:00:26]} 27. Bd3 {[%clk 00:43:27]} {[%emt 00:01:21]} Nxd3+ {[%clk 00:44:34]}
{[%emt 00:00:21]} 28. cxd3 {[%clk 00:43:32]} {[%emt 00:00:10]} c6 {[%clk
00:43:22]} {[%emt 00:01:27]} 29. gxh6 {[%clk 00:43:06]} {[%emt 00:00:40]} gxh6
{[%clk 00:43:23]} {[%emt 00:00:14]} 30. Rh2 {[%clk 00:42:54]} {[%emt 00:00:28]}
Rf3 {[%clk 00:43:07]} {[%emt 00:00:29]} 31. Rhg2 {[%clk 00:42:47]} {[%emt
00:00:24]} h5 {[%clk 00:41:13]} {[%emt 00:02:08]} 32. Rxg8 {[%clk 00:41:42]}
{[%emt 00:01:22]} h4 {[%clk 00:41:17]} {[%emt 00:00:10]} 33. R8g4 {[%clk
00:41:22]} {[%emt 00:00:36]} Rh3 {[%clk 00:40:41]} {[%emt 00:00:50]} 34. Ne2
{[%clk 00:40:49]} {[%emt 00:00:48]} Kh6 {[%clk 00:40:35]} {[%emt 00:00:23]} 35.
b4 {[%clk 00:40:37]} {[%emt 00:00:27]} Kh5 {[%clk 00:40:19]} {[%emt 00:00:25]}
36. Nf4+ {[%clk 00:40:49]} {[%emt 00:00:08]} Kh6 {[%clk 00:39:47]} {[%emt
00:00:47]} 37. Nxh3 {[%clk 00:40:46]} {[%emt 00:00:17]} Kh5 {[%clk 00:39:47]}
{[%emt 00:00:14]} 38. Nf4+ {[%clk 00:40:36]} {[%emt 00:00:27]} Kh6 {[%clk
00:39:56]} {[%emt 00:00:06]} 39. Rxh4# {[%clk 00:40:49]} {[%emt 00:00:01]} 1-0

[Event "DEM U8 2024"]
[Site "Willingen GER"]
[Date "2024.05.22"]
[Round "2"]
[White "Jiang, Luca"]
[Black "Stanisic, Lukas"]
[Result "0-1"]
[Termination "normal"]
[Board "17"]
[WhiteElo "1098"]
[BlackElo "1677"]
[WhiteClock "00:39:18"]
[BlackClock "00:36:11"]
[PlyCount "101"]
[BlackFideId "79316433"]
[EventCountry "GER"]
[EventRounds "7"]
[EventType "swiss"]
[EventDate "2024.05.21"]

1. e4 {[%clk 01:00:29]} c5 {[%clk 01:00:22]} {[%emt 00:00:09]} 2. Nf3 {[%clk
01:00:35]} {[%emt 00:00:07]} d6 {[%clk 01:00:27]} {[%emt 00:00:11]} 3. d4
{[%clk 01:00:26]} {[%emt 00:00:24]} cxd4 {[%clk 01:00:30]} {[%emt 00:00:13]} 4.
Nxd4 {[%clk 01:00:35]} {[%emt 00:00:05]} Nf6 {[%clk 01:00:26]} {[%emt
00:00:19]} 5. Nc3 {[%clk 01:00:36]} {[%emt 00:00:14]} g6 {[%clk 01:00:27]}
{[%emt 00:00:13]} 6. Bg5 {[%clk 01:00:15]} {[%emt 00:00:36]} Bg7 {[%clk
01:00:04]} {[%emt 00:00:37]} 7. Bb5+ {[%clk 00:59:44]} {[%emt 00:00:48]} Bd7
{[%clk 00:59:58]} {[%emt 00:00:20]} 8. Bc4 {[%clk 00:59:08]} {[%emt 00:00:52]}
O-O {[%clk 00:59:39]} {[%emt 00:00:34]} 9. Qd2 {[%clk 00:58:32]} {[%emt
00:00:51]} Nc6 {[%clk 00:58:14]} {[%emt 00:01:40]} 10. Nxc6 {[%clk 00:58:35]}
{[%emt 00:00:14]} Bxc6 {[%clk 00:58:08]} {[%emt 00:00:20]} 11. f3 {[%clk
00:58:25]} {[%emt 00:00:24]} a6 {[%clk 00:56:31]} {[%emt 00:01:53]} 12. O-O-O
{[%clk 00:58:25]} {[%emt 00:00:15]} Rc8 {[%clk 00:56:14]} {[%emt 00:00:31]} 13.
Bd5 {[%clk 00:58:03]} {[%emt 00:00:39]} Bxd5 {[%clk 00:55:41]} {[%emt
00:00:48]} 14. Nxd5 {[%clk 00:58:10]} {[%emt 00:00:09]} Nxd5 {[%clk 00:55:14]}
{[%emt 00:00:41]} 15. Qxd5 {[%clk 00:58:09]} {[%emt 00:00:16]} Qc7 {[%clk
00:54:33]} {[%emt 00:00:55]} 16. Qb3 {[%clk 00:56:58]} {[%emt 00:01:26]} h6
{[%clk 00:53:35]} {[%emt 00:01:12]} 17. Be3 {[%clk 00:55:49]} {[%emt 00:01:25]}
b5 {[%clk 00:52:18]} {[%emt 00:01:31]} 18. Rd2 {[%clk 00:55:29]} {[%emt
00:00:36]} Qd7 {[%clk 00:51:49]} {[%emt 00:00:44]} 19. Rhd1 {[%clk 00:54:24]}
{[%emt 00:01:20]} a5 {[%clk 00:51:30]} {[%emt 00:00:30]} 20. Rd5 {[%clk
00:53:31]} {[%emt 00:01:11]} Rb8 {[%clk 00:51:17]} {[%emt 00:00:29]} 21. Bd4
{[%clk 00:52:50]} {[%emt 00:00:56]} a4 {[%clk 00:50:47]} {[%emt 00:00:45]} 22.
Qb4 {[%clk 00:52:57]} {[%emt 00:00:09]} Rfc8 {[%clk 00:49:36]} {[%emt
00:01:18]} 23. Bxg7 {[%clk 00:52:53]} {[%emt 00:00:26]} Kxg7 {[%clk 00:49:00]}
{[%emt 00:00:49]} 24. Qd4+ {[%clk 00:52:40]} {[%emt 00:00:30]} Kh7 {[%clk
00:48:14]} {[%emt 00:01:00]} 25. Rc5 {[%clk 00:49:38]} {[%emt 00:03:18]} Rxc5
{[%clk 00:47:08]} {[%emt 00:01:20]} 26. Qxc5 {[%clk 00:49:47]} {[%emt
00:00:07]} Rc8 {[%clk 00:47:07]} {[%emt 00:00:15]} 27. Qe3 {[%clk 00:49:37]}
{[%emt 00:00:25]} Qc7 {[%clk 00:46:52]} {[%emt 00:00:31]} 28. Qd3 {[%clk
00:49:35]} {[%emt 00:00:18]} Qc5 {[%clk 00:45:54]} {[%emt 00:01:10]} 29. Rd2
{[%clk 00:49:08]} {[%emt 00:00:45]} b4 {[%clk 00:45:50]} {[%emt 00:00:13]} 30.
Qd5 {[%clk 00:48:48]} {[%emt 00:00:41]} Qg1+ {[%clk 00:45:34]} {[%emt
00:00:30]} 31. Rd1 {[%clk 00:48:50]} {[%emt 00:00:14]} Qe3+ {[%clk 00:45:21]}
{[%emt 00:00:26]} 32. Qd2 {[%clk 00:48:39]} {[%emt 00:00:28]} Qc5 {[%clk
00:45:08]} {[%emt 00:00:27]} 33. Qd3 {[%clk 00:47:59]} {[%emt 00:00:55]} Qg5+
{[%clk 00:43:08]} {[%emt 00:02:15]} 34. Qd2 {[%clk 00:47:58]} {[%emt 00:00:18]}
Qc5 {[%clk 00:42:33]} {[%emt 00:00:44]} 35. Qd3 {[%clk 00:47:57]} {[%emt
00:00:20]} a3 {[%clk 00:42:04]} {[%emt 00:00:42]} 36. b3 {[%clk 00:48:00]}
{[%emt 00:00:08]} Qe5 {[%clk 00:41:59]} {[%emt 00:00:23]} 37. Qd4 {[%clk
00:47:37]} {[%emt 00:00:40]} Qg5+ {[%clk 00:38:17]} {[%emt 00:03:54]} 38. Rd2
{[%clk 00:47:38]} {[%emt 00:00:17]} Qb5 {[%clk 00:37:48]} {[%emt 00:00:40]} 39.
Qd5 {[%clk 00:47:12]} {[%emt 00:00:46]} Qf1+ {[%clk 00:37:05]} {[%emt
00:00:57]} 40. Rd1 {[%clk 00:47:16]} {[%emt 00:00:13]} Qxg2 {[%clk 00:36:37]}
{[%emt 00:00:42]} 41. Qxf7+ {[%clk 00:47:17]} {[%emt 00:00:14]} Kh8 {[%clk
00:36:36]} {[%emt 00:00:15]} 42. Rd2 {[%clk 00:47:16]} {[%emt 00:00:17]} Qf1+
{[%clk 00:36:23]} {[%emt 00:00:28]} 43. Rd1 {[%clk 00:47:09]} {[%emt 00:00:23]}
Qe2 {[%clk 00:36:25]} {[%emt 00:00:12]} 44. Rd2 {[%clk 00:46:07]} {[%emt
00:01:17]} Qe1+ {[%clk 00:36:28]} {[%emt 00:00:12]} 45. Rd1 {[%clk 00:46:02]}
{[%emt 00:00:19]} Qc3 {[%clk 00:36:27]} {[%emt 00:00:15]} 46. Qc4 {[%emt
00:06:17]} Rxc4 {[%clk 00:36:19]} {[%emt 00:00:22]} 47. bxc4 {[%clk 00:40:03]}
{[%emt 00:00:16]} Qb2+ {[%clk 00:36:17]} {[%emt 00:00:16]} 48. Kd2 {[%clk
00:39:34]} {[%emt 00:00:45]} Qxa2 {[%clk 00:36:20]} {[%emt 00:00:12]} 49. f4
{[%clk 00:39:11]} {[%emt 00:00:37]} b3 {[%clk 00:36:21]} {[%emt 00:00:16]} 50.
Rc1 {[%clk 00:39:18]} {[%emt 00:00:07]} b2 {[%clk 00:36:11]} {[%emt 00:00:24]}
51. Ke1 {[%emt 00:02:13]} 0-1

[Event "DEM U8 2024"]
[Site "Willingen GER"]
[Date "2024.05.22"]
[Round "2"]
[White "Zielke, Antonin"]
[Black "Gerhardt, Noah"]
[Result "0-1"]
[Termination "normal"]
[Board "18"]
[WhiteElo "1519"]
[BlackElo "1244"]
[WhiteClock "00:49:54"]
[BlackClock "00:57:35"]
[PlyCount "94"]
[WhiteFideId "34661824"]
[BlackFideId "34696083"]
[EventCountry "GER"]
[EventRounds "7"]
[EventType "swiss"]
[EventDate "2024.05.21"]

1. e4 {[%clk 01:00:15]} {[%emt 00:07:49]} e5 {[%clk 01:00:25]} {[%emt
00:00:11]} 2. Nf3 {[%clk 01:00:35]} {[%emt 00:00:06]} Nc6 {[%clk 01:00:34]}
{[%emt 00:00:06]} 3. Bc4 {[%clk 01:00:29]} {[%emt 00:00:20]} Bc5 {[%clk
01:00:44]} {[%emt 00:00:05]} 4. c3 {[%clk 01:00:30]} {[%emt 00:00:15]} Nf6
{[%clk 01:00:29]} {[%emt 00:00:29]} 5. d4 {[%clk 01:00:36]} {[%emt 00:00:08]}
exd4 {[%clk 01:00:34]} {[%emt 00:00:10]} 6. cxd4 {[%clk 01:00:24]} {[%emt
00:00:28]} Bb4+ {[%clk 01:00:39]} {[%emt 00:00:10]} 7. Nc3 {[%clk 01:00:28]}
{[%emt 00:00:10]} Nxe4 {[%clk 01:00:19]} {[%emt 00:00:35]} 8. Bd2 {[%clk
01:00:26]} {[%emt 00:00:18]} Nxd2 {[%clk 01:00:22]} {[%emt 00:00:12]} 9. Qxd2
{[%clk 01:00:30]} {[%emt 00:00:12]} O-O {[%clk 01:00:26]} {[%emt 00:00:10]} 10.
d5 {[%clk 01:00:28]} {[%emt 00:00:17]} Na5 {[%clk 01:00:17]} {[%emt 00:00:23]}
11. a3 {[%clk 01:00:22]} {[%emt 00:00:22]} Nxc4 {[%clk 01:00:11]} {[%emt
00:00:20]} 12. Qd4 {[%clk 01:00:21]} {[%emt 00:00:16]} Bxc3+ {[%clk 01:00:10]}
{[%emt 00:00:18]} 13. Qxc3 {[%clk 01:00:16]} {[%emt 00:00:20]} Nb6 {[%clk
01:00:13]} {[%emt 00:00:10]} 14. Qc5 {[%clk 01:00:02]} {[%emt 00:00:30]} d6
{[%clk 01:00:11]} {[%emt 00:00:18]} 15. Qb5 {[%clk 01:00:02]} {[%emt 00:00:14]}
Bd7 {[%clk 01:00:11]} {[%emt 00:00:14]} 16. Qd3 {[%clk 00:59:50]} {[%emt
00:00:28]} Re8+ {[%clk 01:00:08]} {[%emt 00:00:19]} 17. Kf1 {[%clk 00:59:37]}
{[%emt 00:00:29]} a6 {[%clk 00:59:48]} {[%emt 00:00:35]} 18. Kg1 {[%clk
00:59:08]} {[%emt 00:00:43]} Bb5 {[%clk 00:59:40]} {[%emt 00:00:23]} 19. Qc2
{[%clk 00:58:57]} {[%emt 00:00:25]} Nxd5 {[%clk 00:59:37]} {[%emt 00:00:19]}
20. h4 {[%emt 00:00:47]} Nf4 {[%clk 00:59:02]} {[%emt 00:00:12]} 21. Qb3 {[%clk
00:58:39]} {[%emt 00:01:34]} Ne2+ {[%clk 00:58:56]} {[%emt 00:00:19]} 22. Kh2
{[%clk 00:57:56]} {[%emt 00:00:58]} Bc6 {[%clk 00:57:52]} {[%emt 00:01:20]} 23.
Ng5 {[%clk 00:57:54]} {[%emt 00:00:15]} d5 {[%clk 00:57:42]} {[%emt 00:00:26]}
24. Rad1 {[%clk 00:57:05]} {[%emt 00:01:02]} Qd6+ {[%clk 00:57:38]} {[%emt
00:00:20]} 25. Qg3 {[%clk 00:56:18]} {[%emt 00:02:37]} Nxg3 {[%clk 00:59:43]}
{[%emt 00:00:09]} 26. fxg3 {[%clk 00:56:25]} {[%emt 00:00:08]} h6 {[%clk
00:59:27]} {[%emt 00:00:31]} 27. Nf3 {[%clk 00:55:49]} {[%emt 00:00:51]} Bb5
{[%clk 00:58:58]} {[%emt 00:00:45]} 28. Rhg1 {[%clk 00:54:38]} {[%emt
00:01:26]} Be2 {[%clk 00:58:56]} {[%emt 00:00:17]} 29. Rd2 {[%clk 00:53:32]}
{[%emt 00:01:21]} Bxf3 {[%clk 00:58:47]} {[%emt 00:00:23]} 30. gxf3 {[%clk
00:53:36]} {[%emt 00:00:11]} Re3 {[%clk 00:58:29]} {[%emt 00:00:30]} 31. f4
{[%clk 00:53:39]} {[%emt 00:00:15]} b5 {[%clk 00:58:03]} {[%emt 00:00:43]} 32.
Rgd1 {[%clk 00:53:29]} {[%emt 00:00:23]} Qg6 {[%clk 00:57:51]} {[%emt
00:00:27]} 33. Rg1 {[%clk 00:52:27]} {[%emt 00:01:18]} c6 {[%clk 00:57:26]}
{[%emt 00:00:41]} 34. g4 {[%clk 00:52:28]} {[%emt 00:00:11]} Qd6 {[%clk
00:57:22]} {[%emt 00:00:19]} 35. Rf1 {[%clk 00:51:20]} {[%emt 00:01:23]} Rae8
{[%clk 00:57:13]} {[%emt 00:00:25]} 36. Rd4 {[%clk 00:51:04]} {[%emt 00:00:28]}
Re2+ {[%clk 00:57:19]} {[%emt 00:00:13]} 37. Kh1 {[%clk 00:50:46]} {[%emt
00:00:33]} Re1 {[%clk 00:57:10]} {[%emt 00:00:23]} 38. Rxe1 {[%clk 00:50:45]}
{[%emt 00:00:16]} Rxe1+ {[%clk 00:57:19]} {[%emt 00:00:06]} 39. Kg2 {[%clk
00:50:43]} {[%emt 00:00:12]} c5 {[%clk 00:57:23]} {[%emt 00:00:16]} 40. Rd3
{[%clk 00:50:41]} {[%emt 00:00:17]} Qxf4 {[%clk 00:57:27]} {[%emt 00:00:10]}
41. Rf3 {[%clk 00:50:32]} {[%emt 00:00:25]} Qxg4+ {[%clk 00:57:18]} {[%emt
00:00:23]} 42. Rg3 {[%clk 00:50:34]} {[%emt 00:00:13]} Qxh4 {[%clk 00:57:21]}
{[%emt 00:00:12]} 43. Rc3 {[%clk 00:50:09]} {[%emt 00:00:39]} Qh1+ {[%clk
00:57:06]} {[%emt 00:00:33]} 44. Kf2 {[%clk 00:49:59]} {[%emt 00:00:23]} Rb1
{[%clk 00:57:11]} {[%emt 00:00:12]} 45. Rxc5 {[%clk 00:49:50]} {[%emt
00:00:24]} Qg1+ {[%clk 00:57:19]} {[%emt 00:00:07]} 46. Kf3 {[%clk 00:49:52]}
{[%emt 00:00:10]} Qxc5 {[%clk 00:57:28]} {[%emt 00:00:09]} 47. a4 {[%clk
00:49:54]} {[%emt 00:00:13]} Rf1+ {[%clk 00:57:35]} {[%emt 00:00:09]} 0-1

[Event "DEM U8 2024"]
[Site "Willingen GER"]
[Date "2024.05.22"]
[Round "2"]
[White "Peterson, James"]
[Black "Liu, Mio Runhan"]
[Result "1/2-1/2"]
[Termination "normal"]
[Board "19"]
[WhiteElo "1171"]
[BlackElo "1101"]
[WhiteClock "00:46:38"]
[BlackClock "00:53:57"]
[PlyCount "41"]
[WhiteFideId "34692452"]
[BlackFideId "34678760"]
[EventCountry "GER"]
[EventRounds "7"]
[EventType "swiss"]
[EventDate "2024.05.21"]

1. d4 {[%clk 01:00:22]} {[%emt 00:00:06]} d5 {[%clk 01:00:04]} {[%emt
00:00:18]} 2. c4 {[%clk 01:00:23]} {[%emt 00:00:22]} c6 {[%clk 00:59:28]}
{[%emt 00:00:51]} 3. Nf3 {[%clk 00:58:59]} {[%emt 00:01:49]} Nf6 {[%clk
00:58:28]} {[%emt 00:00:56]} 4. Nc3 {[%clk 00:58:49]} {[%emt 00:00:46]} Bf5
{[%clk 00:58:23]} {[%emt 00:00:19]} 5. Bf4 {[%clk 00:58:38]} {[%emt 00:00:25]}
e6 {[%clk 00:58:03]} {[%emt 00:00:38]} 6. e3 {[%clk 00:58:20]} {[%emt
00:00:26]} Nbd7 {[%clk 00:57:48]} {[%emt 00:00:35]} 7. Be2 {[%clk 00:58:01]}
{[%emt 00:00:33]} Be7 {[%clk 00:57:42]} {[%emt 00:00:23]} 8. O-O {[%clk
00:57:47]} {[%emt 00:00:27]} Ne4 {[%clk 00:57:43]} {[%emt 00:00:16]} 9. Nxe4
{[%clk 00:55:32]} {[%emt 00:02:28]} dxe4 {[%clk 00:57:46]} {[%emt 00:00:11]}
10. Nd2 {[%clk 00:55:24]} {[%emt 00:00:25]} O-O {[%clk 00:57:18]} {[%emt
00:00:44]} 11. Qc2 {[%clk 00:54:39]} {[%emt 00:00:58]} Bg5 {[%clk 00:57:12]}
{[%emt 00:00:23]} 12. Bd6 {[%clk 00:53:42]} {[%emt 00:01:10]} Be7 {[%clk
00:57:07]} {[%emt 00:00:22]} 13. Bxe7 {[%clk 00:53:37]} {[%emt 00:00:19]} Qxe7
{[%clk 00:56:53]} {[%emt 00:00:28]} 14. Nxe4 {[%clk 00:53:10]} {[%emt
00:00:42]} e5 {[%clk 00:55:41]} {[%emt 00:01:28]} 15. Bd3 {[%clk 00:52:27]}
{[%emt 00:00:58]} Qe6 {[%clk 00:54:55]} {[%emt 00:01:01]} 16. Rac1 {[%clk
00:49:29]} {[%emt 00:03:11]} Qg6 {[%clk 00:54:37]} {[%emt 00:00:36]} 17. Rfe1
{[%clk 00:48:25]} {[%emt 00:01:16]} h5 {[%clk 00:54:21]} {[%emt 00:00:35]} 18.
Nc5 {[%clk 00:47:28]} {[%emt 00:01:10]} Bxd3 {[%clk 00:54:20]} {[%emt
00:00:18]} 19. Qxd3 {[%clk 00:46:23]} {[%emt 00:01:19]} Nxc5 {[%clk 00:53:57]}
{[%emt 00:00:15]} 20. Qxg6 {[%clk 00:46:32]} {[%emt 00:00:28]} fxg6 {[%clk
00:53:57]} {[%emt 00:00:17]} 21. dxc5 {[%clk 00:46:38]} {[%emt 00:00:07]}
1/2-1/2